| 000 | 01644cam a22003011ia4500 | ||
|---|---|---|---|
| 003 | SA-RiAUC | ||
| 005 | 20241104151334.0 | ||
| 008 | 241030s1996 xxk g bc 00100 ara c | ||
| 040 |
_aSA-JeALM _bara _cSA-RiAUC _erda |
||
| 043 | _af-ml--- | ||
| 082 | 0 | 4 |
_a016.091 _bف م م _qSA-MAUQU |
| 090 |
_a016.091 _bم ر ك |
||
| 110 | 2 |
_aمركز أحمد بابا للتوثيق والبحوث التاريخية (تمبكتو، مالي) _eمؤلف. |
|
| 245 | 1 | 0 |
_aفهرس مخطوطات مركز أحمد بابا للتوثيق والبحوث التاريخية بتنبكتو / _cإعداد مجموعة من المكتبيين بالمركز ؛ تحرير عبد المحسن العباس. |
| 264 | 1 |
_aلندن : _bمؤسسة الفرقان للتراث الإسلامي، _c1997 |
|
| 300 |
_a5 مجلد ؛ _c24 سم. |
||
| 336 |
_aنص _btxt _2rdacontent _3كتاب |
||
| 337 |
_aبدون وسيط _bn _2rdamedia |
||
| 338 |
_aمجلد _bnc _2rdacarrier |
||
| 490 | 1 |
_aفهارس المخطوطات الإسلامية ؛ _v6 |
|
| 505 | 2 | _aالمحتويات : الجزء الخامس على الكشافات. | |
| 610 | 2 | 7 |
_aمركز أحمد بابا للتوثيق والبحوث التاريخية (تمبكتو، مالي) _xمخطوطات _vفهارس _2aucnm |
| 650 | 7 |
_aالمخطوطات العربية _zمالي _zتمبكتو _vببليوجرافيات _2aucsh |
|
| 700 | 1 |
_aالعباس، عبد المحسن _eمحرر. |
|
| 830 | 0 |
_aسلسلة فهارس المخطوطات الإسلامية (مؤسسة الفرقان للتراث الإسلامي) _v6 |
|
| 942 |
_2ddc _cBOOK _n0 |
||
| 949 |
_aSA-JeALM _d241030 _umohamedma123 _n1 |
||
| 999 |
_c2072 _d2072 |
||